Tratado de la contaminación atmosférica: problemas, tratamiento y gestión
Saved in:
| Hovedforfatter: | |
|---|---|
| Format: | Bog |
| Sprog: | spansk |
| Udgivet: |
Madrid
Mundi-Prensa
2002
|
| Udgivelse: | 1a. ed |
| Fag: | |
| Tags: |
Tilføj Tag
Ingen Tags, Vær først til at tagge denne postø!
|
MARC
| LEADER | 00000cam a2200000 a 4500 | ||
|---|---|---|---|
| 001 | UCJ1416 | ||
| 003 | CL-VaPUC | ||
| 008 | 061020e20020000SP |||||||||||||||||spa|d | ||
| 020 | |a 8484760359 | ||
| 082 | 0 | 4 | |a 363.73 |b SEO |2 21 |
| 100 | 0 | |a Seoánez Calvo, Mariano |e author |9 502031 | |
| 245 | 1 | 0 | |a Tratado de la contaminación atmosférica: problemas, tratamiento y gestión |
| 250 | |a 1a. ed | ||
| 300 | |a 1111 p | ||
| 942 | |c BK | ||
| 945 | |d 20061020 00:00:00 |a cmena | ||
| 260 | |a Madrid |b Mundi-Prensa |c 2002 | ||
| 650 | 0 | |a Contaminación atmosférica |9 262775 | |
| 650 | 0 | |a Protección del medio ambiente |9 257626 | |
| 650 | 0 | |a Cambios climáticos |9 262050 | |
| 583 | |a last modification |c 20150304 05:26:10 |k Rodrigo Vera | ||
| 999 | |c 318003 |d 318001 | ||
| 952 | |0 0 |1 0 |4 0 |6 363_730000000000000_SEO_2002 |7 0 |8 A |9 395186 |a BIBAGR |b BIBAGR |d 2019-11-22 |i 4287932 |o 363.73 SEO 2002 |p 4287932 |r 2025-01-20 |w 2019-11-22 |y BK |k AGR | ||
| 952 | |0 0 |1 0 |3 erd |4 0 |6 363_730000000000000_SEO_2002 |7 0 |8 A |9 395187 |a BIBING |b BIBING |i 5138809 |o 363.73 SEO 2002 |p 5138809 |r 2025-01-20 |w 2019-11-22 |y BK |z Catalogado en:20150305 |k EIQ | ||
| 952 | |0 0 |1 0 |3 erd |4 0 |6 363_730000000000000_SEO_2002 |7 0 |8 A |9 395188 |a BIBING |b BIBING |i 5143675 |o 363.73 SEO 2002 |p 5143675 |r 2025-01-20 |w 2019-11-22 |y BK |z Catalogado en:20150402 |k EIQ | ||
| 952 | |0 0 |1 0 |3 erd |4 0 |6 363_730000000000000_SEO_2002 |7 0 |8 A |9 395189 |a BIBING |b BIBING |i 5143667 |o 363.73 SEO 2002 |p 5143667 |r 2025-01-20 |w 2019-11-22 |y BK |z Catalogado en:20150402 |k EIQ | ||